000 00378nam a2200157Ia 4500
008 240729s9999 xx 000 0 und d
022 _a2191-1363
245 0 _aChemistryOpen
260 _aGermany
260 _bWiley-VCH
650 _a Chemistry
650 _aScience
856 _uhttps://doaj.org/toc/cf5fcb40777e46ea844ba172a831e37d
942 _2ddc
942 _cDOAJEJ
999 _c68732
_d68732
945 _a1
_bMadushi Gamage
_c1
_dMadushi Gamage